[Event "SUI-ch op"]
[Site "Leukerbad"]
[Date "2015.07.15"]
[Round "7"]
[White "Habibi, Ali"]
[Black "Zueger, Beat"]
[Result "1/2-1/2"]
[WhiteElo "2239"]
[BlackElo "2402"]
[PlyCount "38"]
[EventDate "2015.07.09"]
[EventType "swiss"]
[EventRounds "9"]
[EventCountry "SUI"]
[SourceTitle "EXT 2019"]
[Source "ChessBase"]
[SourceDate "2018.10.10"]
[SourceVersion "1"]
[SourceVersionDate "2018.10.10"]
[SourceQuality "1"]

1. c4 g6 2. g3 Bg7 3. Bg2 c5 4. e3 Nc6 5. Ne2 e5 6. Nbc3 Nge7 7. 0-0 0-0 8. d3 d6 9. h3 Be6 10. Nd5 Qd7 11. Kh2 f5 12. Nec3 g5 13. f4 gxf4 14. gxf4 Ng6 15. Qh5 Kh8 16. Bd2 Rae8 17. Rae1 exf4 18. exf4 Nd4 19. Bh1 Bf7 1/2-1/2

[Event "SUI-ch op"]
[Site "Leukerbad"]
[Date "2015.07.13"]
[Round "5"]
[White "Georgescu, Lena"]
[Black "Zueger, Beat"]
[Result "0-1"]
[WhiteElo "2052"]
[BlackElo "2402"]
[PlyCount "48"]
[EventDate "2015.07.09"]
[EventType "swiss"]
[EventRounds "9"]
[EventCountry "SUI"]
[SourceTitle "EXT 2019"]
[Source "ChessBase"]
[SourceDate "2018.10.10"]
[SourceVersion "1"]
[SourceVersionDate "2018.10.10"]
[SourceQuality "1"]

1. e4 c5 2. d4 cxd4 3. c3 dxc3 4. Nxc3 Nc6 5. Nf3 d6 6. Bc4 a6 7. 0-0 Nf6 8. Bf4 e6 9. Qe2 Nh5 10. Be3 Be7 11. Rfd1 Bd7 12. Nd4 Nf6 13. Bb3 0-0 14. Rac1 Qa5 15. h3 Rac8 16. f4 Nxd4 17. Bxd4 Bc6 18. e5 dxe5 19. fxe5 Nd7 20. Bc2 Bc5 21. Ne4 Bxd4+ 22. Rxd4 Qxe5 23. Qd3 Bxe4 24. Rxe4 Nc5 0-1

[Event "SUI-chT"]
[Site "Switzerland"]
[Date "2015.06.28"]
[Round "5.5"]
[White "Carre, Sylvain"]
[Black "Zueger, Beat"]
[Result "0-1"]
[WhiteElo "2159"]
[BlackElo "2388"]
[PlyCount "110"]
[EventDate "2015.03.29"]
[EventType "team-tourn"]
[EventRounds "9"]
[EventCountry "SUI"]
[SourceTitle "EXT 2016"]
[Source "ChessBase"]
[SourceDate "2015.10.08"]
[SourceVersion "1"]
[SourceVersionDate "2015.10.08"]
[SourceQuality "1"]
[WhiteTeam "Echallens"]
[BlackTeam "Luzern"]
[WhiteTeamCountry "SUI"]
[BlackTeamCountry "SUI"]

1. d4 Nf6 2. Bf4 d6 3. e3 g6 4. Nf3 Nbd7 5. Be2 Bg7 6. 0-0 Nh5 7. Bg5 h6 8. Bh4 f5 9. c4 0-0 10. Nc3 Ndf6 11. c5 g5 12. Nxg5 hxg5 13. Bxg5 Qe8 14. Nb5 Qd7 15. Nxc7 Qxc7 16. cxd6 Qxd6 17. Bxh5 Nxh5 18. Qxh5 Bd7 19. Rac1 Bc6 20. Qh3 e5 21. dxe5 Qxe5 22. b3 Rae8 23. Rfd1 Re6 24. Qh5 Be8 25. Qh4 Bc6 26. Qh5 Qb2 27. Rc4 Re4 28. Bh6 Rxc4 29. bxc4 Bxh6 30. Qxh6 Qf6 31. Qf4 Rf7 32. Qb8+ Kh7 33. Qxa7 Qg7 34. g3 Qg4 35. Qd4 Be4 36. Qd8 Qh3 37. Qh4+ Qxh4 38. gxh4 Rg7+ 39. Kf1 Rg2 40. Rd7+ Kg6 41. h5+ Kxh5 42. Rh7+ Kg6 43. Rh3 Rg4 44. Rg3 Rxg3 45. hxg3 Bd3+ 46. Kg2 Bxc4 47. a3 Kg5 48. f3 Kf6 49. Kf2 Ke5 50. Ke1 Bd5 51. Ke2 Bc6 52. Kf2 Kd5 53. Ke2 Kc4 54. g4 fxg4 55. fxg4 Be4 0-1

[Event "BL2-Sued 1415"]
[Site "Germany"]
[Date "2015.04.12"]
[Round "9.5"]
[White "Zueger, Beat"]
[Black "Eisenbeiser, Amadeus"]
[Result "1-0"]
[WhiteElo "2399"]
[BlackElo "2363"]
[PlyCount "65"]
[EventDate "2014.09.21"]
[EventType "team-tourn"]
[EventRounds "9"]
[EventCountry "GER"]
[SourceTitle "CBM 166 Extra"]
[Source "ChessBase"]
[SourceDate "2015.06.18"]
[SourceVersion "1"]
[SourceVersionDate "2015.06.18"]
[SourceQuality "1"]
[WhiteTeam "Speyer Schwegenheim"]
[BlackTeam "Buchen"]
[WhiteTeamCountry "GER"]
[BlackTeamCountry "GER"]

1. d4 d6 2. Nf3 g6 3. g3 Bg7 4. Bg2 Nf6 5. b3 c5 6. 0-0 0-0 7. Bb2 Nbd7 8. c4 Ne4 9. Nbd2 Ndf6 10. d5 Nxd2 11. Nxd2 a6 12. e4 b5 13. Qc2 bxc4 14. Nxc4 a5 15. Rfe1 a4 16. e5 axb3 17. axb3 Rxa1 18. Rxa1 Bf5 19. Qd2 dxe5 20. Bxe5 Ne4 21. Bxe4 Bxe4 22. Bxg7 Kxg7 23. Rd1 Qc7 24. Qe3 Bf5 25. d6 exd6 26. Nxd6 Bg4 27. f3 Be6 28. Qc3+ f6 29. Ne4 c4 30. Rd6 Qa7+ 31. Kh1 Bh3 32. Nxf6 Qa2 33. Ng4+ 1-0

[Event "SUI-ch 114th"]
[Site "Bern"]
[Date "2014.09.28"]
[Round "2"]
[White "Zueger, Beat"]
[Black "Georgiadis, Nico"]
[Result "0-1"]
[WhiteElo "2399"]
[BlackElo "2451"]
[PlyCount "72"]
[EventDate "2014.09.27"]
[EventType "tourn"]
[EventRounds "9"]
[EventCountry "SUI"]
[EventCategory "9"]
[SourceTitle "CBM 162 Extra"]
[Source "ChessBase"]
[SourceDate "2014.10.17"]
[SourceVersion "1"]
[SourceVersionDate "2014.10.17"]
[SourceQuality "1"]

1. c4 f5 2. g3 Nf6 3. Bg2 g6 4. Nc3 Bg7 5. e3 0-0 6. Nge2 d6 7. 0-0 Nc6 8. Rb1 a5 9. a3 e5 10. d3 Be6 11. Nd5 Bxd5 12. cxd5 Ne7 13. e4 c6 14. dxc6 bxc6 15. Bg5 d5 16. exd5 cxd5 17. Qd2 Ra7 18. Rfc1 Qb6 19. Nc3 d4 20. Na4 Qd6 21. Rc5 Ned5 22. Re1 e4 23. Bxf6 Nxf6 24. dxe4 fxe4 25. Bxe4 Re7 26. Bf3 Nd7 27. Bd5+ Kh8 28. Rxa5 Rxe1+ 29. Qxe1 Ne5 30. f4 Nc6 31. Bxc6 Qxc6 32. Nc5 d3 33. Qe4 Qb6 34. b4 d2 35. Qe2 Rd8 36. Qd1 Qc6 0-1

[Event "SUI-chT"]
[Site "Switzerland"]
[Date "2014.03.30"]
[Round "2.5"]
[White "Zueger, Beat"]
[Black "Hauser, Roland"]
[Result "1-0"]
[WhiteElo "2388"]
[BlackElo "2148"]
[PlyCount "67"]
[EventDate "2014.03.16"]
[EventType "team-tourn"]
[EventRounds "9"]
[EventCountry "SUI"]
[SourceTitle "EXT 2015"]
[Source "ChessBase"]
[SourceDate "2014.11.20"]
[SourceVersion "1"]
[SourceVersionDate "2014.11.20"]
[SourceQuality "1"]
[WhiteTeam "Luzern"]
[BlackTeam "Neuchatel"]
[WhiteTeamCountry "SUI"]
[BlackTeamCountry "SUI"]

1. Nf3 Nf6 2. c4 e6 3. g3 d5 4. d4 Nbd7 5. Bg2 c6 6. Nbd2 Be7 7. 0-0 0-0 8. Qc2 b6 9. e4 Nxe4 10. Nxe4 dxe4 11. Qxe4 Ba6 12. b3 Rc8 13. a4 Bf6 14. Bb2 Qc7 15. Qc2 c5 16. Rfd1 Rfd8 17. d5 exd5 18. cxd5 Ne5 19. Nxe5 Bxe5 20. Bxe5 Qxe5 21. a5 b5 22. Bh3 c4 23. Bxc8 Rxc8 24. bxc4 bxc4 25. d6 Rd8 26. Ra3 Rxd6 27. Re3 Rxd1+ 28. Qxd1 Qb8 29. Qd7 Qb1+ 30. Kg2 Bb7+ 31. f3 Qb2+ 32. Kh3 g6 33. Re7 Bxf3 34. Qe8+ 1-0

[Event "SUI-chT"]
[Site "Switzerland"]
[Date "2013.06.23"]
[Round "5.4"]
[White "Schmid, Michael1111"]
[Black "Zueger, Beat"]
[Result "1/2-1/2"]
[WhiteElo "2218"]
[BlackElo "2403"]
[PlyCount "45"]
[EventDate "2013.03.17"]
[EventType "team-tourn"]
[EventRounds "9"]
[EventCountry "SUI"]
[SourceTitle "EXT 2014"]
[Source "ChessBase"]
[SourceDate "2013.11.20"]
[SourceVersion "1"]
[SourceVersionDate "2013.11.20"]
[SourceQuality "1"]
[WhiteTeam "Bodan"]
[BlackTeam "Luzern"]
[WhiteTeamCountry "SUI"]
[BlackTeamCountry "SUI"]

1. Nf3 Nf6 2. g3 g6 3. Bg2 Bg7 4. d3 d5 5. 0-0 0-0 6. Nbd2 c5 7. e4 Nc6 8. a4 Qc7 9. Re1 Rd8 10. exd5 Nxd5 11. Nc4 b6 12. Bd2 Bb7 13. Qc1 Nd4 14. Nxd4 cxd4 15. Bh6 Bxh6 16. Qxh6 Nf6 17. Bxb7 Qxb7 18. Qf4 Rac8 19. Re5 Nh5 20. Qg4 Nf6 21. Qf4 Nh5 22. Qg4 Nf6 23. Qf4 1/2-1/2

[Event "Mitropa Cup 32nd"]
[Site "Meissen"]
[Date "2013.06.07"]
[Round "7.5"]
[White "Czebe, Attila"]
[Black "Zueger, Beat"]
[Result "1-0"]
[WhiteElo "2488"]
[BlackElo "2397"]
[PlyCount "69"]
[EventDate "2013.06.01"]
[EventType "team-tourn"]
[EventRounds "9"]
[EventCountry "GER"]
[SourceTitle "CBM 154 Extra"]
[Source "ChessBase"]
[SourceDate "2013.06.25"]
[SourceVersion "2"]
[SourceVersionDate "2013.06.25"]
[SourceQuality "1"]
[WhiteTeam "Hungary"]
[BlackTeam "Switzerland"]
[WhiteTeamCountry "HUN"]
[BlackTeamCountry "SUI"]

1. e4 c5 2. Nf3 e6 3. d4 cxd4 4. Nxd4 a6 5. Nc3 b5 6. Bd3 Bb7 7. 0-0 Nc6 8. Nxc6 Bxc6 9. Re1 Ne7 10. Bd2 Qb8 11. a4 b4 12. Ne2 Ng6 13. Nd4 Bd6 14. Nxc6 dxc6 15. g3 h5 16. f4 h4 17. Be3 hxg3 18. hxg3 Bxf4 19. gxf4 Nxf4 20. Qf3 Nxd3 21. cxd3 Qh2+ 22. Kf1 Qxb2 23. Rac1 Qb3 24. Kg2 Qxa4 25. Rf1 f6 26. e5 Kd7 27. Rc4 f5 28. Rfc1 Rac8 29. Rd4+ Ke8 30. Qg3 Kf8 31. Rd7 Qa2+ 32. Kg1 Rh7 33. Bh6 Qb2 34. Bxg7+ Ke8 35. Qg6+ 1-0

[Event "Mitropa Cup 32nd"]
[Site "Meissen"]
[Date "2013.06.01"]
[Round "1.3"]
[White "Zueger, Beat"]
[Black "Rasik, Vitezslav"]
[Result "1/2-1/2"]
[WhiteElo "2397"]
[BlackElo "2483"]
[PlyCount "129"]
[EventDate "2013.06.01"]
[EventType "team-tourn"]
[EventRounds "9"]
[EventCountry "GER"]
[SourceTitle "CBM 154 Extra"]
[Source "ChessBase"]
[SourceDate "2013.06.25"]
[SourceVersion "2"]
[SourceVersionDate "2013.06.25"]
[SourceQuality "1"]
[WhiteTeam "Switzerland"]
[BlackTeam "Czech Republic"]
[WhiteTeamCountry "SUI"]
[BlackTeamCountry "CZE"]

1. c4 g6 2. g3 Bg7 3. Bg2 d6 4. Nc3 Nf6 5. d4 0-0 6. e3 Nc6 7. Nge2 a6 8. 0-0 Rb8 9. b3 Na5 10. Bd2 c5 11. Nd5 Nc6 12. Bc3 Bg4 13. f3 cxd4 14. exd4 Bd7 15. Nxf6+ Bxf6 16. d5 Bxc3 17. Nxc3 Na5 18. Qd2 b5 19. cxb5 axb5 20. Rfe1 b4 21. Ne4 Bf5 22. Nf2 Re8 23. g4 Bd7 24. f4 f5 25. g5 Qb6 26. Re3 Rbc8 27. Rae1 Qc5 28. Bf3 Bb5 29. Kg2 Rc7 30. h4 e5 31. dxe6 Bc6 32. Bxc6 Qxc6+ 33. Kg1 Qc5 34. Rd3 Nb7 35. Rd4 Qc3 36. Re3 Qc1+ 37. Qxc1 Rxc1+ 38. Kg2 Rc2 39. Kf3 Rxa2 40. Nd3 Nc5 41. Nxb4 Rb2 42. Rxd6 Rxe6 43. Rdxe6 Nxe6 44. Nc6 Nc5 45. b4 Ne4 46. Rd3 Rh2 47. Rd8+ Kf7 48. Rd7+ Ke6 49. Rxh7 Rh3+ 50. Kg2 Rg3+ 51. Kh2 Rg4 52. b5 Rxf4 53. b6 Nd6 54. Nd8+ Kd5 55. b7 Rb4 56. Rd7 Rxh4+ 57. Kg3 Rb4 58. Nf7 Ke6 59. Rxd6+ Kxf7 60. Rd7+ Ke6 61. Rg7 Ke5 62. Re7+ Kd6 63. Rg7 Ke5 64. Re7+ Kd6 65. Rg7 1/2-1/2

[Event "BL2-Sued 1213"]
[Site "Germany"]
[Date "2012.10.14"]
[Round "1.5"]
[White "Lorscheid, Gerhard"]
[Black "Zueger, Beat"]
[Result "1/2-1/2"]
[WhiteElo "2254"]
[BlackElo "2407"]
[PlyCount "40"]
[EventDate "2012.10.14"]
[EventType "team-tourn"]
[EventRounds "9"]
[EventCountry "GER"]
[SourceTitle "CBM 154 Extra"]
[Source "ChessBase"]
[SourceDate "2013.06.25"]
[SourceVersion "2"]
[SourceVersionDate "2013.06.25"]
[SourceQuality "1"]
[WhiteTeam "Stuttgart"]
[BlackTeam "Schwegenheim"]
[WhiteTeamCountry "GER"]
[BlackTeamCountry "GER"]

1. d4 Nf6 2. Nf3 d6 3. c4 g6 4. Nc3 Bg7 5. e4 Bg4 6. Be2 Nfd7 7. Be3 0-0 8. Ng1 Bxe2 9. Ngxe2 c5 10. 0-0 cxd4 11. Nxd4 Nc6 12. b3 Rc8 13. Rc1 Qa5 14. Qd2 Rfe8 15. Rfd1 Nxd4 16. Bxd4 Bxd4 17. Qxd4 Qc5 18. Qd2 Qa5 19. Qd4 Qc5 20. Qd2 Qa5 1/2-1/2

[Event "SUI-ch 112th"]
[Site "Flims"]
[Date "2012.07.20"]
[Round "9.1"]
[White "Gallagher, Joseph G"]
[Black "Zueger, Beat"]
[Result "1-0"]
[WhiteElo "2500"]
[BlackElo "2412"]
[PlyCount "81"]
[EventDate "2012.07.12"]
[EventType "tourn"]
[EventRounds "9"]
[EventCountry "SUI"]
[EventCategory "9"]
[SourceTitle "CBM 149 Extra"]
[Source "ChessBase"]
[SourceDate "2012.08.24"]
[SourceVersion "1"]
[SourceVersionDate "2012.08.24"]
[SourceQuality "1"]

1. e4 c5 2. Nf3 e6 3. d4 cxd4 4. Nxd4 a6 5. Nc3 b5 6. Bd3 Bb7 7. 0-0 Nc6 8. Nxc6 Bxc6 9. Re1 Ne7 10. Bd2 b4 11. Ne2 Ng6 12. Nd4 Bb7 13. c3 Qb6 14. Nb3 bxc3 15. Bxc3 Bb4 16. Bd4 Qd8 17. Re3 0-0 18. Nc5 Bxc5 19. Bxc5 Re8 20. Bd6 Qb6 21. Bf1 Rec8 22. Qd2 Rc6 23. Rd1 Qd8 24. Bg3 Nf8 25. b4 Rac8 26. a4 d5 27. exd5 exd5 28. Ree1 Rc2 29. Qd4 Qd7 30. Bd3 Ra2 31. a5 Ne6 32. Qh4 h6 33. Qg4 d4 34. Qf5 g6 35. Qf6 Re8 36. Be5 Kh7 37. Bc4 Rc2 38. Bb3 Rc3 39. Bxe6 fxe6 40. Rxd4 Qe7 41. Rf4 1-0

[Event "Mitropa Cup 31st"]
[Site "Sibenik"]
[Date "2012.06.08"]
[Round "9"]
[White "Cvek, Robert"]
[Black "Zueger, Beat"]
[Result "1/2-1/2"]
[WhiteElo "2563"]
[BlackElo "2413"]
[PlyCount "120"]
[EventDate "2012.05.31"]
[EventType "team-tourn"]
[EventRounds "9"]
[EventCountry "CRO"]
[SourceTitle "CBM 148 Extra"]
[Source "ChessBase"]
[SourceDate "2012.06.22"]
[SourceVersion "1"]
[SourceVersionDate "2012.06.22"]
[SourceQuality "1"]
[WhiteTeam "Czech Republic"]
[BlackTeam "Switzerland"]
[WhiteTeamCountry "CZE"]
[BlackTeamCountry "SUI"]

1. c4 e5 2. Nc3 Nf6 3. Nf3 Nc6 4. a3 g6 5. g3 Bg7 6. Bg2 0-0 7. 0-0 Re8 8. d3 d6 9. Bg5 h6 10. Bxf6 Bxf6 11. Rb1 Nd4 12. Nd2 Bg7 13. b4 Ne6 14. e3 h5 15. h4 f5 16. b5 e4 17. Nd5 Nc5 18. Nf4 Kh7 19. Qc2 a6 20. dxe4 fxe4 21. Nb3 Nxb3 22. Rxb3 Bf5 23. bxa6 b6 24. Rb5 Qd7 25. Rxf5 Qxf5 26. Nd5 Ra7 27. Qa4 Qc8 28. Qc6 Re5 29. Rb1 Qxa6 30. Qd7 Qxc4 31. Nf6+ Kh6 32. Ne8 Rxe8 33. Qxe8 d5 34. Bh3 Rxa3 35. g4 Qa4 36. Qe6 hxg4 37. Bxg4 Ra1 38. h5 Rxb1+ 39. Kg2 Rg1+ 40. Kxg1 Qa1+ 41. Kg2 Qf6 42. Qxf6 Bxf6 43. hxg6 Kxg6 44. f3 d4 45. exd4 e3 46. d5 Bg5 47. f4 Bxf4 48. Kf3 Bh6 49. Ke4 b5 50. Be2 b4 51. Kd4 Kf5 52. d6 c5+ 53. Kxc5 b3 54. d7 Bg5 55. Kd4 b2 56. d8Q Bxd8 57. Kxe3 Bb6+ 58. Kd2 b1N+ 59. Kc2 Na3+ 60. Kb3 Bc5 1/2-1/2

[Event "Mitropa Cup 31st"]
[Site "Sibenik"]
[Date "2012.06.02"]
[Round "3"]
[White "Zueger, Beat"]
[Black "Kreisl, Robert"]
[Result "1/2-1/2"]
[WhiteElo "2413"]
[BlackElo "2398"]
[PlyCount "40"]
[EventDate "2012.05.31"]
[EventType "team-tourn"]
[EventRounds "9"]
[EventCountry "CRO"]
[SourceTitle "CBM 148 Extra"]
[Source "ChessBase"]
[SourceDate "2012.06.22"]
[SourceVersion "1"]
[SourceVersionDate "2012.06.22"]
[SourceQuality "1"]
[WhiteTeam "Switzerland"]
[BlackTeam "Austria"]
[WhiteTeamCountry "SUI"]
[BlackTeamCountry "AUT"]

1. g3 d5 2. Nf3 g6 3. Bg2 Bg7 4. d4 Nf6 5. c4 dxc4 6. 0-0 c6 7. a4 0-0 8. Na3 Nbd7 9. Nxc4 Nb6 10. Nce5 a5 11. b3 Bf5 12. Bb2 Be4 13. Bh3 Bxf3 14. Nxf3 Nbd5 15. Re1 Ne4 16. Qc2 f5 17. Rad1 Nb4 18. Qb1 Nd5 19. Qc2 Nb4 20. Qb1 Nd5 1/2-1/2